Normal view
MARC view
Entry Geographic Name
001 - CONTROL NUMBER
- control field: 9546
003 - CONTROL NUMBER IDENTIFIER
- control field: ARRUPE
005 - DATE AND TIME OF LATEST TRANSACTION
- control field: 20140327141355.0
008 - FIXED-LENGTH DATA ELEMENTS
- fixed length control field: 140327|| aca||aabn | a|a d
040 ## - CATALOGING SOURCE
- Original cataloging agency: ARRUPE
- Transcribing agency: ARRUPE
151 ## - HEADING--GEOGRAPHIC NAME
- Geographic name: Zimbabwe
- General subdivision: Antiquities.
670 ## - SOURCE DATA FOUND
- Source citation: Work cat.: (ARRUPE)0: Goodall, Elizabeth. 9542, Prehistoric rock art of the Federation of Rhodesia & Nyasaland;, 1959.